000 01417 a2200361 4500
001 50260
005 20260407155802.0
008 260407a1992 arg spa d
003 AR-UNSa-BCEJYS
040 _aAR-UNSa-BCEJYS
_bspa
_cAR-UNSa-BCEJYS
080 _a504.06
_xProtección del medio ambiente. Gestión de la calidad del medio ambiente
245 1 0 _aLas utopias del medio ambiente
_pdesarrollo sustentable en la Argentina
020 _a950-25-1347-9
264 1 _aBuenos Aires :
_bCentro Editor de America Latina
_c1992
300 _a204 p.
_c21 cm.
505 _a1. Las regiones argentinas: clasificación por zonas de vida - 2. Perfil de la Argentina - 3. Modelo actual del desarrollo - 4. La problemática ambiental argentina y sus relaciones a escala regional y global - 5. Cambios en el uso de la tierra para un desarrollo sustentable - 6. Algunas reflexiones y propuestas para la acción.
041 _aspa
942 _cBK
590 _aniveau_biblio:m niveau_hierar:0
100 1 _aDi Pace, María J.
700 1 _aFederovisky, Sergio
700 1 _aCichero, Paula
700 1 _aGallopín, Gilberto Carlos
700 1 _aPerelman, Pablo
700 1 _aGómez, Isabel
700 1 _aGross, Miguel
700 1 _aGutman, Pablo
700 1 _aHardoy, Jorge E.
700 1 _aMarchetti, Beatriz
700 1 _aMorello, Jorge H.
700 1 _aPérez, Anahí
700 1 _aWinograd, Manuel
999 _c4990
_d4990